[Event "Montcalm 4 2024-25"]
[Site "Quebec CAN"]
[Date "2025.01.30"]
[Round "4"]
[White "Marquis, Paul"]
[Black "Perreault, Jacquelin"]
[Result "1/2-1/2"]
[WhiteElo "1888"]
[BlackElo "1754"]
[WhiteFideId "-1"]
[WhiteFideId "-1"]
[PlyCount "110"]
[GameId "2140681548142372"]
[EventDate "2025.01.09"]
[EventType "swiss"]
[EventRounds "5"]
[EventCountry "CAN"]

1. e4 e6 2. d4 c5 3. Nf3 cxd4 4. Nxd4 a6 5. Bd3 Bc5 6. Nb3 Ba7 7. O-O Nc6 8. Qg4 Qf6 9. Nc3 Nge7 10. Qg3 e5 11. Nd5 Nxd5 12. exd5 Ne7 13. Bg5 Qd6 14. Bxe7 Qxe7 15. Qxg7 Rf8 16. Rae1 d6 17. Bxh7 Bd7 18. Re4 O-O-O 19. c4 Kb8 20. c5 dxc5 21. Qxe5+ Qxe5 22. Rxe5 Bb5 23. Rd1 Rh8 24. Be4 Ba4 25. Rc1 b6 26. Nd2 Bd7 27. Re7 f5 28. Bf3 b5 29. g3 Kc7 30. Nb3 Kd6 31. Rce1 Bb6 32. h4 c4 33. Nc1 f4 34. Kg2 fxg3 35. fxg3 Rdg8 36. h5 Bd8 37. Rf7 Bh4 38. Ne2 Be8 39. Rf4 Bg5 40. Re4 Bxh5 41. Re6+ Kd7 42. Bxh5 Rxh5 43. Rh1 Rxh1 44. Kxh1 Bd2 45. Rxa6 b4 46. Rc6 Re8 47. Re6 Rxe6 48. dxe6+ Kxe6 49. Kg2 Ke5 50. Kf3 c3 51. bxc3 bxc3 52. a4 c2 53. g4 c1=Q 54. Nxc1 Bxc1 55. a5 Kd6 1/2-1/2

[Event "Montcalm 4 2024-25"]
[Site "Quebec CAN"]
[Date "2025.01.30"]
[Round "4"]
[White "Oliver, Vance"]
[Black "Barrera, Eduardo"]
[Result "0-1"]
[WhiteElo "1457"]
[BlackElo "1663"]
[WhiteFideId "-1"]
[WhiteFideId "-1"]
[PlyCount "72"]
[GameId "2140681548146473"]
[EventDate "2025.01.09"]
[EventType "swiss"]
[EventRounds "5"]
[EventCountry "CAN"]

1. e4 c5 2. Nf3 d6 3. d4 cxd4 4. Nxd4 Nf6 5. Nc3 a6 6. Be2 e5 7. Nb3 Be7 8. O-O Be6 9. Be3 Nbd7 10. a4 Rc8 11. a5 O-O 12. Qd2 Bxb3 13. cxb3 Nc5 14. Bxc5 Rxc5 15. b4 Rc8 16. Rad1 b5 17. axb6 Qxb6 18. Nd5 Nxd5 19. exd5 Rb8 20. Ra1 Qxb4 21. Qxb4 Rxb4 22. Rxa6 Rxb2 23. Bf3 f5 24. g3 e4 25. Bg2 Rd2 26. Ra5 Rc8 27. g4 g6 28. gxf5 gxf5 29. Bh3 Rf8 30. Rb1 Kg7 31. Rb7 Kf6 32. Bxf5 Bd8 33. Rab5 Kxf5 34. Rxh7 Rd1+ 35. Kg2 Rg8+ 36. Kh3 Rd3+ 0-1

[Event "Montcalm 4 2024-25"]
[Site "Quebec CAN"]
[Date "2025.01.30"]
[Round "4"]
[White "Plante, Rejean"]
[Black "Duguay-Piron, Simon"]
[Result "1/2-1/2"]
[WhiteElo "1984"]
[BlackElo "1866"]
[WhiteFideId "-1"]
[WhiteFideId "-1"]
[PlyCount "29"]
[GameId "2140681548138272"]
[EventDate "2025.01.09"]
[EventType "swiss"]
[EventRounds "5"]
[EventCountry "CAN"]

1. d4 d5 2. Nf3 Nf6 3. Bf4 c5 4. c3 Qb6 5. Qc1 Bf5 6. e3 e6 7. Nbd2 Nc6 8. a4 cxd4 9. exd4 Rc8 10. h3 h6 11. Bb5 a6 12. Bxc6+ bxc6 13. O-O c5 14. dxc5 Bxc5 15. a5 1/2-1/2

[Event "Montcalm 4 2024-25"]
[Site "Quebec CAN"]
[Date "2025.01.30"]
[Round "4"]
[White "Savard, Alexandre"]
[Black "Tremblay, Noah"]
[Result "1-0"]
[WhiteElo "1731"]
[BlackElo "1566"]
[WhiteFideId "-1"]
[WhiteFideId "-1"]
[PlyCount "81"]
[GameId "2140681548142375"]
[EventDate "2025.01.09"]
[EventType "swiss"]
[EventRounds "5"]
[EventCountry "CAN"]

1. d4 Nf6 2. Nc3 g6 3. e4 d6 4. Nf3 Bg7 5. h3 O-O 6. Be2 Nfd7 7. O-O Nc6 8. a4 e5 9. Bg5 Bf6 10. Bxf6 Qxf6 11. Nd5 Qd8 12. Qd2 Nxd4 13. Nxd4 exd4 14. Qxd4 c6 15. Nc3 Qf6 16. Rad1 Re8 17. Qxd6 Qxd6 18. Rxd6 Nc5 19. Bf3 f5 20. b4 Nxe4 21. Bxe4 fxe4 22. Re1 Kg7 23. Nxe4 Bf5 24. f3 h5 25. Kf2 Rad8 26. Red1 Rxd6 27. Nxd6 Re5 28. Nxf5+ Rxf5 29. Rd7+ Rf7 30. Rxf7+ Kxf7 31. f4 Kf6 32. Ke3 Kf5 33. g4+ hxg4 34. hxg4+ Ke6 35. Ke4 b6 36. f5+ gxf5+ 37. gxf5+ Kf6 38. c4 a6 39. b5 axb5 40. axb5 c5 41. Kf4 1-0

[Event "Montcalm 4 2024-25"]
[Site "Quebec CAN"]
[Date "2025.02.06"]
[Round "5"]
[White "Auger, Bertrand"]
[Black "Savard, Alexandre"]
[Result "0-1"]
[WhiteElo "1883"]
[BlackElo "1731"]
[WhiteFideId "-1"]
[WhiteFideId "-1"]
[PlyCount "56"]
[GameId "2143845680866152"]
[EventDate "2025.01.09"]
[EventType "swiss"]
[EventRounds "5"]
[EventCountry "CAN"]

1. Nf3 Nf6 2. g3 d5 3. Bg2 e6 4. O-O Be7 5. c4 O-O 6. b3 b6 7. Bb2 Bb7 8. d3 Nbd7 9. Nbd2 c5 10. cxd5 Nxd5 11. Nc4 Bf6 12. d4 cxd4 13. Nxd4 Nc5 14. Qd2 Qd7 15. Rfd1 Rfd8 16. e4 Nc7 17. e5 Bxg2 18. Kxg2 Qd5+ 19. Nf3 Qe4 20. Qe3 Be7 21. Nd6 Qxe3 22. fxe3 Nd5 23. Kf2 Bxd6 24. exd6 Ne4+ 25. Ke1 Nxe3 26. Rd4 Nc2+ 27. Ke2 Nxd4+ 28. Bxd4 Rxd6 0-1

[Event "Montcalm 4 2024-25"]
[Site "Quebec CAN"]
[Date "2025.02.06"]
[Round "5"]
[White "Barrera, Eduardo"]
[Black "Sarra-Bournet, Marc"]
[Result "1-0"]
[WhiteElo "1663"]
[BlackElo "1837"]
[WhiteFideId "-1"]
[WhiteFideId "-1"]
[PlyCount "129"]
[GameId "2143845680866154"]
[EventDate "2025.01.09"]
[EventType "swiss"]
[EventRounds "5"]
[EventCountry "CAN"]

1. e4 e5 2. Nf3 Nc6 3. Bc4 Bc5 4. c3 Nf6 5. d3 O-O 6. O-O d6 7. h3 Ne7 8. Re1 Ng6 9. Nbd2 Nf4 10. Nb3 Bb6 11. Bxf4 exf4 12. d4 c6 13. e5 Nd5 14. Bxd5 cxd5 15. Qd2 dxe5 16. Nxe5 Bc7 17. Nc5 Bxe5 18. Rxe5 b6 19. Nd3 f6 20. Ree1 f3 21. Re3 fxg2 22. Rae1 Bf5 23. Nf4 Qd6 24. Nxg2 Be4 25. Rg3 Rae8 26. Qf4 Qd7 27. Ne3 Bg6 28. b3 Re4 29. Qf3 f5 30. Ng2 f4 31. Rg5 Rxe1+ 32. Nxe1 Be4 33. Qh5 Bf5 34. Nf3 Qe6 35. h4 h6 36. Rg2 Be4 37. Kh2 Qf7 38. Qxf7+ Rxf7 39. Ne5 Rc7 40. Rg4 f3 41. c4 Bb1 42. cxd5 Bxa2 43. d6 Rc8 44. d7 Rd8 45. Rg6 Bxb3 46. Rc6 Kf8 47. Ng6+ Kf7 48. Rc8 Rxd7 49. Ne5+ Ke7 50. Nxd7 Kxd7 51. Ra8 g5 52. Rxa7+ Kd6 53. Rh7 gxh4 54. Rxh6+ Kc7 55. Rxh4 b5 56. Kg3 Bd5 57. Kf4 b4 58. Ke5 Ba2 59. d5 b3 60. d6+ Kd7 61. Rh7+ Kc8 62. Rh8+ Kd7 63. Rb8 Kc6 64. Ke6 b2+ 65. Ke7 1-0

[Event "Montcalm 4 2024-25"]
[Site "Quebec CAN"]
[Date "2025.02.06"]
[Round "5"]
[White "Dube, Dominic"]
[Black "Plante, Rejean"]
[Result "1-0"]
[WhiteElo "1776"]
[BlackElo "1984"]
[WhiteFideId "-1"]
[WhiteFideId "-1"]
[PlyCount "33"]
[GameId "2143845680866150"]
[EventDate "2025.01.09"]
[EventType "swiss"]
[EventRounds "5"]
[EventCountry "CAN"]

1. e4 c5 2. Nf3 Nc6 3. d4 cxd4 4. Nxd4 Qb6 5. Nb5 a6 6. Be3 Qa5+ 7. N5c3 e6 8. Be2 Nf6 9. O-O Be7 10. Nd2 b5 11. Nb3 Qc7 12. f4 d6 13. Qe1 b4 14. Na4 Nxe4 15. Bb6 Qb7 16. Bf3 Nf6 17. Na5 1-0

[Event "Montcalm 4 2024-25"]
[Site "Quebec CAN"]
[Date "2025.02.06"]
[Round "5"]
[White "Duguay-Piron, Simon"]
[Black "Bourassa, Samuel"]
[Result "1-0"]
[WhiteElo "1866"]
[BlackElo "2058"]
[WhiteFideId "-1"]
[WhiteFideId "-1"]
[PlyCount "103"]
[GameId "2143845680866148"]
[EventDate "2025.01.09"]
[EventType "swiss"]
[EventRounds "5"]
[EventCountry "CAN"]

1. e4 c5 2. Nf3 d6 3. d4 cxd4 4. Nxd4 Nf6 5. Nc3 g6 6. Bc4 Bg7 7. Bb3 Nc6 8. O-O O-O 9. h3 Rb8 10. Be3 Nxd4 11. Bxd4 b5 12. Bxa7 Rb7 13. Bd4 e5 14. Be3 b4 15. Nd5 Nxe4 16. Re1 Qh4 17. Qf3 Ng5 18. Bxg5 Qxg5 19. Re4 Bf5 20. Rxb4 Rxb4 21. Nxb4 e4 22. Qe3 Qh4 23. c3 g5 24. Nd5 Kh8 25. Qg3 Qh6 26. Ne3 Bc8 27. Nc4 d5 28. Ne3 d4 29. cxd4 Bxd4 30. Rd1 Qg7 31. Nc4 Rd8 32. Qc7 Qf6 33. Ne3 Kg7 34. Bxf7 Rd7 35. Qxc8 Rxf7 36. Qc2 Bb6 37. Qc3 Qxc3 38. bxc3 Ba5 39. c4 h6 40. Rd4 Rb7 41. c5 Rc7 42. Rc4 Rc6 43. Nf5+ Kf7 44. Nd4 Rc8 45. Nb3 Bb6 46. Kf1 Ba7 47. Rxe4 Rc7 48. Ke2 Bxc5 49. Nxc5 Rxc5 50. Kd3 Rd5+ 51. Kc3 Kf6 52. Re2 1-0

[Event "Montcalm 4 2024-25"]
[Site "Quebec CAN"]
[Date "2025.02.06"]
[Round "5"]
[White "Dumont, Eric"]
[Black "Bourassa, Louis"]
[Result "1-0"]
[WhiteElo "1695"]
[BlackElo "1479"]
[WhiteFideId "-1"]
[WhiteFideId "-1"]
[PlyCount "72"]
[GameId "2143845680866158"]
[EventDate "2025.01.09"]
[EventType "swiss"]
[EventRounds "5"]
[EventCountry "CAN"]

1. d4 Nf6 2. Bf4 g6 3. e3 Bg7 4. h3 d5 5. Nf3 O-O 6. Be2 c5 7. c3 Qb6 8. Qc1 Nc6 9. Nbd2 Nd7 10. O-O e5 11. Nxe5 Ndxe5 12. dxe5 Nxe5 13. Nf3 Nc6 14. Rd1 Be6 15. Ng5 Rad8 16. Nxe6 fxe6 17. Bg5 Rd7 18. Bg4 Ne5 19. Be2 Rdf7 20. Bh4 Bh6 21. Qc2 Nd7 22. Bg3 Nf6 23. Bf3 c4 24. Rd4 Nd7 25. Rh4 Rxf3 26. gxf3 Bg7 27. Rf4 Re8 28. Rd1 e5 29. Rxc4 dxc4 30. Rxd7 Qc6 31. Qd1 Rf8 32. Rd5 Qe6 33. Kg2 a6 34. e4 Re8 35. Rd6 Qc8 36. Qd5+ Qe6 1-0

[Event "Montcalm 4 2024-25"]
[Site "Quebec CAN"]
[Date "2025.02.06"]
[Round "5"]
[White "Gaulin, Gaetan"]
[Black "Poliquin, Yvon"]
[Result "1/2-1/2"]
[WhiteElo "1921"]
[BlackElo "1838"]
[WhiteFideId "-1"]
[WhiteFideId "-1"]
[PlyCount "93"]
[GameId "2143845680866151"]
[EventDate "2025.01.09"]
[EventType "swiss"]
[EventRounds "5"]
[EventCountry "CAN"]

1. Nf3 e6 2. c4 d5 3. d4 c5 4. cxd5 exd5 5. Nc3 Nc6 6. Bf4 Nf6 7. e3 a6 8. Bd3 Bg4 9. dxc5 Bxc5 10. O-O O-O 11. h3 Bh5 12. g4 Bg6 13. Bxg6 hxg6 14. g5 Nh5 15. Qxd5 Qe7 16. Qe4 Nxf4 17. Qxf4 Bd6 18. Qg4 f5 19. Qc4+ Kh7 20. Rfd1 Ne5 21. Nxe5 Qxe5 22. Kf1 Rac8 23. Qd5 Qxd5 24. Rxd5 Rc6 25. Rad1 Bb4 26. R1d3 Bxc3 27. bxc3 Rfc8 28. Rd7 R6c7 29. Rxc7 Rxc7 30. Ke2 Kg8 31. Kd2 Rc4 32. Rd4 Rc5 33. Rd8+ Kf7 34. Rd7+ Kf8 35. Rxb7 Ra5 36. Rb2 Ke7 37. Rc2 Kd6 38. f3 Ra4 39. c4 Kc5 40. Ke2 Ra3 41. Kf2 Rd3 42. Ke2 Ra3 43. Kf2 Rd3 44. h4 a5 45. Ke2 Ra3 46. Kf2 Rd3 47. Ke2 1/2-1/2

[Event "Montcalm 4 2024-25"]
[Site "Quebec CAN"]
[Date "2025.02.06"]
[Round "5"]
[White "Lapierre, Gaetan"]
[Black "Huxley, Zachary"]
[Result "1-0"]
[WhiteElo "1697"]
[BlackElo "1500"]
[WhiteFideId "-1"]
[WhiteFideId "-1"]
[PlyCount "63"]
[GameId "2143845680866157"]
[EventDate "2025.01.09"]
[EventType "swiss"]
[EventRounds "5"]
[EventCountry "CAN"]

1. d4 d5 2. c4 e6 3. Nc3 Nf6 4. g3 c5 5. cxd5 Nxd5 6. Nxd5 Qxd5 7. Nf3 cxd4 8. Qxd4 Qxd4 9. Nxd4 Bb4+ 10. Bd2 Bxd2+ 11. Kxd2 O-O 12. Bg2 Rd8 13. Ke3 Na6 14. Rac1 Nb4 15. Rhd1 Nd5+ 16. Bxd5 Rxd5 17. Nb5 Bd7 18. Rxd5 exd5 19. Nd4 Be6 20. Rc7 Rb8 21. Nxe6 fxe6 22. f4 Kf8 23. Kd4 a6 24. Ke5 h6 25. e3 a5 26. g4 b5 27. h4 Rb6 28. h5 b4 29. g5 hxg5 30. fxg5 Rb5 31. Kxe6 d4 32. Rc8# 1-0

[Event "Montcalm 4 2024-25"]
[Site "Quebec CAN"]
[Date "2025.02.06"]
[Round "5"]
[White "Michaud, Jacques"]
[Black "Laflamme, Simon"]
[Result "0-1"]
[WhiteElo "1488"]
[BlackElo "1739"]
[WhiteFideId "-1"]
[WhiteFideId "-1"]
[PlyCount "110"]
[GameId "2143845680866156"]
[EventDate "2025.01.09"]
[EventType "swiss"]
[EventRounds "5"]
[EventCountry "CAN"]

1. d4 d5 2. Bg5 Nf6 3. Bxf6 gxf6 4. Nf3 c6 5. e3 Qc7 6. Bd3 e5 7. dxe5 fxe5 8. Be2 Be7 9. c4 Be6 10. cxd5 Bxd5 11. Nc3 Bb4 12. O-O Bxc3 13. bxc3 Nd7 14. Qc2 O-O-O 15. e4 Be6 16. Ng5 Qd6 17. Rfd1 Qe7 18. Nxe6 Qxe6 19. Qb3 Qxb3 20. axb3 Nc5 21. f3 Nxb3 22. Rxa7 Kb8 23. Ra3 Rxd1+ 24. Bxd1 Nc5 25. Ra5 b6 26. Ra1 Rd8 27. Be2 Rd2 28. Kf1 Rc2 29. c4 Ne6 30. Rd1 Nf4 31. Bd3 Rxg2 32. Bb1 Rxh2 33. Rd7 Rh1+ 34. Kf2 Rxb1 35. Rxf7 Rh1 36. Kg3 h5 37. Rh7 b5 38. cxb5 cxb5 39. Rh6 Kc7 40. Kf2 Rh2+ 41. Kg3 Rg2+ 42. Kh4 b4 43. Ra6 b3 44. Ra1 Kc6 45. Ra6+ Kb5 46. Rb6+ Kc4 47. Rc6+ Kb4 48. Rc4+ Ka3 49. Ra4+ Kb2 50. Ra2+ Kc3 51. Ra5 Rh2+ 52. Kg5 Nd3 53. Ra3 Kb4 54. Ra1 b2 55. Rb1 Kb3 0-1

[Event "Montcalm 4 2024-25"]
[Site "Quebec CAN"]
[Date "2025.02.06"]
[Round "5"]
[White "Miskic, Zdenko"]
[Black "Fecteau, Martin"]
[Result "1/2-1/2"]
[WhiteElo "1546"]
[BlackElo "1744"]
[WhiteFideId "-1"]
[WhiteFideId "-1"]
[PlyCount "85"]
[GameId "2143845680866155"]
[EventDate "2025.01.09"]
[EventType "swiss"]
[EventRounds "5"]
[EventCountry "CAN"]

1. e4 c5 2. Nf3 e6 3. b3 d5 4. exd5 exd5 5. d4 Nf6 6. Bb2 Be6 7. Nbd2 Nbd7 8. dxc5 Bxc5 9. h3 O-O 10. Bd3 Qc7 11. O-O h6 12. Nd4 a6 13. Re1 Qb6 14. N2f3 Rfe8 15. Qd2 Bb4 16. c3 Bd6 17. Nxe6 fxe6 18. c4 Bb4 19. Bc3 Bxc3 20. Qxc3 Rac8 21. Qd4 Qxd4 22. Nxd4 Nf8 23. Re2 dxc4 24. Bxc4 b5 25. Bxe6+ Nxe6 26. Nxe6 Rc6 27. Nd4 Rxe2 28. Nxe2 Rc2 29. Kf1 Kf7 30. f3 Nd5 31. a3 Ne3+ 32. Kf2 Nxg2 33. Kxg2 Rxe2+ 34. Kg3 Rb2 35. b4 Rb3 36. Kg4 Rc3 37. f4 Rb3 38. h4 Kf6 39. h5 Ke6 40. Ra2 Kf6 41. Ra1 Ke6 42. Ra2 Kf6 43. Ra1 1/2-1/2

[Event "Montcalm 4 2024-25"]
[Site "Quebec CAN"]
[Date "2025.02.06"]
[Round "5"]
[White "Pepin, Pierre-Luc"]
[Black "Boissinot, Claude"]
[Result "0-1"]
[WhiteElo "1138"]
[BlackElo "1463"]
[WhiteFideId "-1"]
[WhiteFideId "-1"]
[PlyCount "58"]
[GameId "2143845681070962"]
[EventDate "2025.01.09"]
[EventType "swiss"]
[EventRounds "5"]
[EventCountry "CAN"]

1. d4 Nf6 2. c4 e6 3. Nc3 d5 4. g3 Be7 5. a3 a5 6. Bg2 Nc6 7. cxd5 exd5 8. e3 O-O 9. Qb3 Be6 10. Qxb7 Qd7 11. Qb3 Rab8 12. Qc2 Bd6 13. Nge2 Rfe8 14. O-O Bh3 15. Re1 Bxg2 16. Kxg2 Ne7 17. Bd2 Ng6 18. Qa4 Qe6 19. Nb5 Qg4 20. h3 Nh4+ 21. Kh2 Qf3 22. Rg1 Qxf2+ 23. Kh1 Qf3+ 24. Kh2 Qxe2+ 25. Kh1 Qf3+ 26. Kh2 Qf2+ 27. Kh1 Bxg3 28. Rxg3 Qxg3 29. Rg1 Qxh3# 0-1

[Event "Montcalm 4 2024-25"]
[Site "Quebec CAN"]
[Date "2025.02.06"]
[Round "5"]
[White "Perreault, Jacquelin"]
[Black "Demushkina, Alina"]
[Result "1-0"]
[WhiteElo "1754"]
[BlackElo "1783"]
[WhiteFideId "-1"]
[WhiteFideId "-1"]
[PlyCount "41"]
[GameId "2143845680866153"]
[EventDate "2025.01.09"]
[EventType "swiss"]
[EventRounds "5"]
[EventCountry "CAN"]

1. e4 c5 2. Nf3 Nc6 3. d4 cxd4 4. Nxd4 Nf6 5. Nc3 d6 6. Bg5 Qb6 7. Bxf6 gxf6 8. Nb3 Be6 9. Qd2 Bg7 10. O-O-O O-O-O 11. f4 Bh6 12. g3 Rhe8 13. Kb1 a6 14. Nd5 Bxd5 15. Qxd5 Qe3 16. Bxa6 e6 17. Bxb7+ Kxb7 18. Na5+ Kb6 19. Qxc6+ Kxa5 20. Rd3 Qb6 21. Ra3+ 1-0

[Event "Montcalm 4 2024-25"]
[Site "Quebec CAN"]
[Date "2025.02.06"]
[Round "5"]
[White "Rainfray, Arnaud"]
[Black "Cournoyer, Dominic"]
[Result "1/2-1/2"]
[WhiteElo "2354"]
[BlackElo "1909"]
[WhiteFideId "-1"]
[WhiteFideId "-1"]
[PlyCount "73"]
[GameId "2143845680866147"]
[EventDate "2025.01.09"]
[EventType "swiss"]
[EventRounds "5"]
[EventCountry "CAN"]

1. e4 d5 2. exd5 Nf6 3. d4 Nxd5 4. c4 Nf6 5. Nf3 g6 6. Be2 Bg7 7. O-O O-O 8. Nc3 c6 9. Re1 Qc7 10. Bf1 Rd8 11. h3 b6 12. Bg5 Bb7 13. Qb3 e6 14. Bh4 Nbd7 15. Rac1 c5 16. Nb5 Qc6 17. Ne5 Nxe5 18. dxe5 Ne4 19. Bxd8 Rxd8 20. Nxa7 Qc7 21. f3 Ng3 22. Nb5 Qc6 23. Rcd1 Rd7 24. Rxd7 Qxd7 25. Qd3 Qe7 26. Qd6 Qg5 27. f4 Qxf4 28. Qb8+ Bf8 29. Qxb7 Qd2 30. Rb1 Qe3+ 31. Kh2 Qxe5 32. Kg1 Qe3+ 33. Kh2 Qf4 34. Qc7 e5 35. Kg1 Qe3+ 36. Kh2 Qf4 37. Kg1 1/2-1/2

[Event "Montcalm 4 2024-25"]
[Site "Quebec CAN"]
[Date "2025.02.06"]
[Round "5"]
[White "Sauve, Richard"]
[Black "Drolet, Stephane"]
[Result "0-1"]
[WhiteElo "1846"]
[BlackElo "2046"]
[WhiteFideId "-1"]
[WhiteFideId "-1"]
[PlyCount "102"]
[GameId "2143845680866149"]
[EventDate "2025.01.09"]
[EventType "swiss"]
[EventRounds "5"]
[EventCountry "CAN"]

1. d4 Nf6 2. c4 e6 3. Nc3 Bb4 4. Qc2 d5 5. e3 O-O 6. Bd2 b6 7. cxd5 Nxd5 8. Bd3 f5 9. Nf3 Bb7 10. O-O-O Be7 11. Nxd5 Bxd5 12. Kb1 Nd7 13. e4 fxe4 14. Bxe4 Nf6 15. Bxd5 exd5 16. Ne5 Ne4 17. Be3 Bf6 18. f3 Nd6 19. Qc6 Nf7 20. Bf4 Qd6 21. Qxd6 Nxd6 22. Nd7 Rf7 23. Nxf6+ Rxf6 24. Be5 Rg6 25. Bg3 Rc8 26. Rc1 c6 27. Bxd6 Rxd6 28. Rhe1 Kf7 29. Re2 a5 30. Rec2 Re6 31. a3 a4 32. Rc3 Rc7 33. b3 axb3 34. Rxb3 c5 35. Rbc3 c4 36. R1c2 Ke7 37. Rb2 Kd7 38. Rcc2 Kc6 39. Re2 Rce7 40. Rxe6+ Rxe6 41. Rc2 Re3 42. Kb2 Kd6 43. Rc3 Re2+ 44. Rc2 Rxc2+ 45. Kxc2 b5 46. Kc3 Ke6 47. Kb4 Kf5 48. g3 g5 49. h3 h5 50. a4 bxa4 51. Kxa4 h4 0-1

[Event "Montcalm 4 2024-25"]
[Site "Quebec CAN"]
[Date "2025.02.06"]
[Round "5"]
[White "Tremblay, Noah"]
[Black "Fortin, Claude"]
[Result "1-0"]
[WhiteElo "1566"]
[BlackElo "1424"]
[WhiteFideId "-1"]
[WhiteFideId "-1"]
[PlyCount "50"]
[GameId "2143845680866159"]
[EventDate "2025.01.09"]
[EventType "swiss"]
[EventRounds "5"]
[EventCountry "CAN"]

1. e4 c5 2. c3 e6 3. d4 cxd4 4. cxd4 d6 5. Nc3 Be7 6. Nf3 Nc6 7. Be2 Nf6 8. O-O O-O 9. Bg5 a6 10. a4 Bd7 11. Qb3 Qb8 12. e5 dxe5 13. dxe5 Nxe5 14. Nxe5 Qxe5 15. Bxf6 Bxf6 16. Qxb7 Rfd8 17. Bf3 Qb8 18. Qxa8 Qxb2 19. Qxa6 Qxc3 20. Rad1 Kf8 21. Rd3 Qb4 22. Rfd1 Ke8 23. Rxd7 Rxd7 24. Bc6 Qe7 25. Qc8+ Qd8 1-0

[Event "Montcalm 4 2024-25"]
[Site "Quebec CAN"]
[Date "2025.02.06"]
[Round "5"]
[White "Verge, Leo"]
[Black "Fleury, Dominic"]
[Result "1-0"]
[WhiteElo "1600"]
[BlackElo "1310"]
[WhiteFideId "-1"]
[WhiteFideId "-1"]
[PlyCount "65"]
[GameId "2143845680874353"]
[EventDate "2025.01.09"]
[EventType "swiss"]
[EventRounds "5"]
[EventCountry "CAN"]

1. e4 e5 2. Nf3 Nc6 3. Bb5 Nf6 4. O-O Bc5 5. c3 O-O 6. d4 exd4 7. cxd4 Bb6 8. Nc3 d5 9. e5 Ne4 10. h3 f5 11. Re1 Be6 12. Bxc6 bxc6 13. Nxe4 fxe4 14. Nh2 c5 15. f3 cxd4 16. fxe4 dxe4 17. Rxe4 Qd5 18. Re1 d3+ 19. Be3 Rad8 20. Bxb6 axb6 21. Qd2 Rf5 22. Nf3 c5 23. b3 Qc6 24. Rac1 Bd5 25. Qxd3 Rdf8 26. Nd4 Qg6 27. g4 cxd4 28. Qxd4 Bf3 29. Qc4+ Kh8 30. e6 Bxg4 31. hxg4 Rf4 32. Qxf4 Rxf4 33. Rc8+ 1-0

[Event "Montcalm 4 2024-25"]
[Site "Quebec CAN"]
[Date "2025.02.06"]
[Round "5"]
[White "Yergeau, Samuel"]
[Black "Gagne, Louis"]
[Result "0-1"]
[WhiteElo "1266"]
[BlackElo "1213"]
[WhiteFideId "-1"]
[WhiteFideId "-1"]
[PlyCount "84"]
[GameId "2143845681070963"]
[EventDate "2025.01.09"]
[EventType "swiss"]
[EventRounds "5"]
[EventCountry "CAN"]

1. e4 d6 2. d4 Nf6 3. Nc3 g6 4. Bc4 Bg7 5. Nf3 O-O 6. h3 Nxe4 7. Bxf7+ Rxf7 8. Nxe4 Bf5 9. Ng3 Nd7 10. Ng5 Rf8 11. Nxf5 Rxf5 12. Ne6 Qc8 13. Nxg7 Kxg7 14. b3 d5 15. Qe2 e5 16. Bb2 e4 17. O-O-O c6 18. g4 Rf3 19. h4 Nf6 20. g5 Nh5 21. Ba3 Qf5 22. Rdf1 Re8 23. Bd6 b5 24. c4 a6 25. Be5+ Kg8 26. cxd5 cxd5 27. Qe1 Rc8+ 28. Kb2 Rfc3 29. Qxc3 Rxc3 30. Kxc3 a5 31. Kd2 Qf3 32. Rc1 Kf7 33. Rc7+ Ke6 34. Rc6+ Kf5 35. Rf1 Qd3+ 36. Ke1 Qb1+ 37. Ke2 Qxa2+ 38. Ke1 Qxb3 39. Rc8 a4 40. Rf8+ Ke6 41. f3 Qb4+ 42. Ke2 Qxf8 0-1

[Event "Montcalm 5 2024-25"]
[Site "Quebec CAN"]
[Date "2025.02.20"]
[Round "1"]
[White "Bergeron, Nicolas"]
[Black "Oliver, Vance"]
[Result "1-0"]
[WhiteElo "1758"]
[BlackElo "1439"]
[WhiteFideId "-1"]
[WhiteFideId "-1"]
[PlyCount "71"]
[GameId "2148119705395396"]
[EventDate "2025.02.20"]
[EventType "swiss"]
[EventRounds "5"]
[EventCountry "CAN"]

1. e4 d6 2. d4 Nf6 3. Nc3 g6 4. Be3 c6 5. Qd2 b5 6. Bd3 Bg7 7. h3 e5 8. dxe5 dxe5 9. Nf3 Nbd7 10. Bh6 O-O 11. g4 Qc7 12. O-O-O Nc5 13. Kb1 Be6 14. Bxg7 Kxg7 15. Ng5 Bd7 16. Qe3 Ne6 17. Ne2 c5 18. Nxe6+ Bxe6 19. Bxb5 Bxa2+ 20. Kxa2 Qa5+ 21. Kb1 Qxb5 22. Nc3 Qc6 23. g5 Nd7 24. Rd5 Rfc8 25. Rhd1 Nb6 26. Rd6 Qe8 27. Qf3 Qe7 28. Rf6 Rd8 29. h4 Rxd1+ 30. Nxd1 Rd8 31. h5 Qd7 32. Ne3 Qb7 33. Ng4 Nc4 34. Qc3 Rd1+ 35. Ka2 Qa6+ 36. Rxa6 1-0

[Event "Montcalm 5 2024-25"]
[Site "Quebec CAN"]
[Date "2025.02.20"]
[Round "1"]
[White "Bourassa, Samuel"]
[Black "Pregent, Daniel"]
[Result "1-0"]
[WhiteElo "2044"]
[BlackElo "1686"]
[WhiteFideId "-1"]
[WhiteFideId "-1"]
[PlyCount "59"]
[GameId "2148119705395386"]
[EventDate "2025.02.20"]
[EventType "swiss"]
[EventRounds "5"]
[EventCountry "CAN"]

1. e4 c5 2. Nc3 Nc6 3. g3 d6 4. Bg2 Nf6 5. d3 e6 6. f4 Be7 7. Nh3 Qc7 8. O-O a6 9. a4 O-O 10. g4 Rb8 11. g5 Nd7 12. Qh5 b5 13. axb5 axb5 14. f5 Nd4 15. Rf4 g6 16. Qh6 Re8 17. Rh4 Nf6 18. gxf6 Bxf6 19. Qxh7+ Kf8 20. Bh6+ Ke7 21. Ng5 Bxg5 22. Bxg5+ Kd7 23. Qxf7+ Kc6 24. Qxe8+ Bd7 25. Qxg6 b4 26. e5+ Kb6 27. Na4+ Kb5 28. fxe6 Nxe6 29. c4+ bxc3 30. Nxc3+ 1-0

[Event "Montcalm 5 2024-25"]
[Site "Quebec CAN"]
[Date "2025.02.20"]
[Round "1"]
[White "Dumont, Eric"]
[Black "Pepin, Pierre-Luc"]
[Result "1-0"]
[WhiteElo "1700"]
[BlackElo "1059"]
[WhiteFideId "-1"]
[WhiteFideId "-1"]
[PlyCount "37"]
[GameId "2148119705395400"]
[EventDate "2025.02.20"]
[EventType "swiss"]
[EventRounds "5"]
[EventCountry "CAN"]

1. d4 d5 2. Bf4 c6 3. c3 Nf6 4. e3 e6 5. Nf3 Nbd7 6. Bd3 b5 7. O-O Be7 8. h3 O-O 9. Nbd2 a5 10. e4 dxe4 11. Nxe4 Nxe4 12. Bxe4 Bb7 13. Re1 g6 14. Qd2 Re8 15. Rad1 Nb6 16. Ne5 Rc8 17. Ng4 g5 18. Be5 Nc4 19. Nh6+ 1-0

[Event "Montcalm 5 2024-25"]
[Site "Quebec CAN"]
[Date "2025.02.20"]
[Round "1"]
[White "Fecteau, Martin"]
[Black "Gagne, Louis"]
[Result "1-0"]
[WhiteElo "1726"]
[BlackElo "1223"]
[WhiteFideId "-1"]
[WhiteFideId "-1"]
[PlyCount "101"]
[GameId "2148119705395398"]
[EventDate "2025.02.20"]
[EventType "swiss"]
[EventRounds "5"]
[EventCountry "CAN"]

1. e4 d6 2. d4 Nf6 3. Nc3 g6 4. Nf3 Bg7 5. h3 O-O 6. Bd3 Nc6 7. a3 e5 8. d5 Ne7 9. Be3 Ne8 10. Qe2 f5 11. O-O-O f4 12. Bd2 c6 13. dxc6 bxc6 14. Bc4+ Kh8 15. Be1 Bb7 16. Ng5 Nc7 17. h4 d5 18. Bb3 h6 19. Nh3 Nc8 20. f3 Ba6 21. Qd2 Nb6 22. Bf2 Nc4 23. Qe1 Qd6 24. Na4 Rfd8 25. Nc5 Bf8 26. Nxa6 Nxa6 27. Bxc4 Nc7 28. Bb3 a6 29. g3 Rab8 30. gxf4 Re8 31. fxe5 Rxe5 32. f4 Rxe4 33. Qxe4 Rxb3 34. cxb3 Kh7 35. Qe5 Qd7 36. Bd4 Bg7 37. Qxg7+ Qxg7 38. Bxg7 Kxg7 39. Rhe1 Kf6 40. Re5 Ne6 41. Rxe6+ Kxe6 42. Nf2 Kf5 43. Nd3 Ke4 44. Kc2 Kf3 45. Ne5+ Kxf4 46. Nxg6+ Kf5 47. Ne7+ Kg4 48. Rh1 Kf3 49. Nxc6 Kg2 50. Rd1 Kg3 51. Rd4 1-0